| 000 | 01369nam a22002297a 4500 | ||
|---|---|---|---|
| 005 | 20260211151414.0 | ||
| 008 | 211230b ||||| |||| 00| 0 eng d | ||
| 020 | _a978- 81 -265- 7951- 8 | ||
| 040 | _cAIMIT LIBRARY | ||
| 082 |
_22 _a005.768 _bACHS |
||
| 100 |
_aAcharya, Seema. _912095 |
||
| 245 |
_aBig Data and Analytics / _cBy Seema Acharya and Subhashini Chellappan. |
||
| 250 | _a2nd. ed. | ||
| 260 |
_aNew Delhi : _bWiley India Pvt. Ltd , _c2021. |
||
| 300 |
_axx, 364p. ; _c23 CM. |
||
| 500 | _aBig data is a term used for massive mounds of structured, semi-structured and unstructured data that has the potential to be mined for information. The real power lies not just in having colossal data but in what insights can be drawn from this data to facilitate better and faster decisions. This book big data and analytics is a comprehensive coverage on the concepts and practice of big data, Hadoop and analytics. From the do it Yourself steps and guidelines to set up a Hadoop cluster to the deeper understanding of concepts and ample time-tested hands-on practice exercises on the concepts learned, this one book has it all!. | ||
| 650 |
_aBig data analytics. _912097 |
||
| 650 |
_aBig data technology landscape. _912098 |
||
| 650 |
_aIntroduction to hadoop. _912099 |
||
| 700 |
_aChellappan, Subhashini. _912096 |
||
| 942 |
_2ddc _cBK _e2nd _k005.768 ACHS |
||
| 999 |
_c221017 _d221017 |
||